| 000 | 00337nam a2200133Ia 4500 | ||
|---|---|---|---|
| 008 | 191201s2001 xx 000 0 und d | ||
| 082 |
_a677.02 _bMAT |
||
| 100 | _aMAHADEVEN, M G | ||
| 245 | 0 | _aTextile Robotics and Automation | |
| 260 |
_aN.Delhi _bAbhishek Publications _c2001 |
||
| 300 | _a298 | ||
| 650 | _aB.Tech(TE) | ||
| 942 |
_2ddc _cBK |
||
| 999 |
_c2294 _d2294 |
||